My top 19 favorite MCU movies - Statistics

General Stats
  • This quiz has been taken 178 times
  • The average score is 18 of 19
Answer Stats
Hint Answer % Correct
14 Iron Man
99%
5 Avengers
97%
12 Iron Man 2
96%
19 Iron Man 3
96%
8 Thor
96%
17 Captain America The First Avenger
95%
3 Avengers Infinity War
94%
7 Captain America Civil War
94%
15 Captain America The Winter Soldier
94%
9 Ant Man
93%
11 Avengers Age Of Ultron
93%
2 Spiderman Homecoming
91%
6 Black Panther
90%
1 Thor Ragnarok
90%
10 Guardians Of The Galaxy
89%
4 Guardians Of The Galaxy Volume 2
88%
16 Thor The Dark World
88%
13 Dr Strange
86%
18 Incredible Hulk
82%
No matching quizzes found
Score Distribution
Percent of People with Each Score
Percentile by Number Answered
Your Score History
You have not taken this quiz